Rapporto contro la normalita /
I tiakina i:
| Kaituhi rangatōpū: | |
|---|---|
| Ētahi atu kaituhi: | |
| Hōputu: | Pukapuka |
| Reo: | Itāriana |
| I whakaputaina: |
Rimini ; Firenze :
Guaraldi,
\1972!
|
| Rangatū: | FC ;
4 |
| Ngā marau: | |
| Ngā Tūtohu: |
Kāore He Tūtohu, Me noho koe te mea tuatahi ki te tūtohu i tēnei pūkete!
|
MARC
| LEADER | 00000nam a2200000 i 4500 | ||
|---|---|---|---|
| 001 | IT\ICCU\IEI\0062302 | ||
| 003 | ItRI | ||
| 005 | 20260115232357.0 | ||
| 008 | 921210s1972 it |||||| ||||| |||||c | ||
| 015 | |2 IT |a 7211172 | ||
| 040 | |b ita |c importazione bologna sebina | ||
| 041 | 7 | |a ita |2 ISO-639-2 | |
| 082 | |a 301.415 |9 ADULTERIO, PROSTITUZIONE, ETC. |2 17 | ||
| 130 | 0 | |a Rapport contre la normalite. - |3 IT\ICCU\RAV\0159596 |9 Front homosexuel d'action révolutionnaiere | |
| 245 | 0 | 0 | |a Rapporto contro la normalita / |c FHAR ; con un saggio di Virginia Finzi Ghisi. |
| 260 | |a Rimini ; |a Firenze : |b Guaraldi, |c \1972! | ||
| 300 | |a 186 p. : |b ill. ; |c 20 cm | ||
| 650 | 7 | |a Omosessualità | |
| 700 | 1 | |a Finzi Ghisi, Virginia |0 IT\ICCU\RAVV\035236 | |
| 710 | 2 | |a Front homosexuel d'action révolutionnaiere |0 IT\ICCU\RAVV\064583 | |
| 791 | 2 | |a FHAR |3 IT\ICCU\RAVV\064584 |z Front homosexuel d'action révolutionnaiere | |
| 830 | 0 | |a FC ; |v 4 |0 IT\ICCU\RAV\0107924 | |
| 942 | |2 ddc |c BK |n 0 | ||
| 952 | |0 0 |1 0 |4 0 |6 DOC_306_766000000000000_FHA |7 0 |9 25073 |a BO |b BO |d 2026-01-15 |i 101 |l 0 |o DOC 306.766 FHA |p BO101 |r 2026-01-15 23:23:57 |w 2026-01-15 |x [Sebina 7] [1 v.] |y BK |z 1 v. | ||
| 952 | |0 0 |1 0 |4 0 |6 DOC_306_766000000000000_FHA |7 0 |9 25074 |a BO |b BO |d 2026-01-15 |i 1016 |l 0 |o DOC 306.766 FHA |p BO1016 |r 2026-01-15 23:23:57 |w 2026-01-15 |x [Sebina 7] [1 v.] |y BK |z 1 v. | ||
| 999 | |c 21307 |d 21307 | ||